=LDR 00000nam 2200000 4500 =001 INLIS000000000053380 =005 20210224123732 =035 ##$$a 0010-0918000012 =008 210224################g##########0#ind## =245 ##$$a Sosiologi Untuk SMA Kelas XI /$c Tim Dosen Sosiologi; editor, Tammi Prastowo, S.Sos.[at.all} =260 ##$$a Jakarta :$b Saka Mitra Kompetensi,$c 2005 =082 ##$$a 301.07 =084 ##$$a 301.07 SOS s =300 ##$$a vi, 154 hlm. : $b ilus. ; $c 28 x 21 cm. =700 #$$a Tim Dosen Sosiologi =990 ##$$a 1200602689